Colours of violence (Record no. 378734)

000 -LEADER
fixed length control field 00385cam a22001457a 4500
008 - FIXED-LENGTH DATA ELEMENTS--GENERAL INFORMATION
fixed length control field 180718b1995 xxu||||| |||| 00| 0 eng d
020 ## - INTERNATIONAL STANDARD BOOK NUMBER
International Standard Book Number 0670865117
082 ## - DEWEY DECIMAL CLASSIFICATION NUMBER
Classification number Q81x54 K123
100 ## - MAIN ENTRY--PERSONAL NAME
Personal name Kakar, Sudhir
245 ## - TITLE STATEMENT
Title Colours of violence
Statement of responsibility, etc. by Sudhir Kakar
260 ## - PUBLICATION, DISTRIBUTION, ETC.
Place of publication, distribution, etc. New Delhi
Name of publisher, distributor, etc. Penguin Books
Date of publication, distribution, etc. 1995
300 ## - PHYSICAL DESCRIPTION
Extent 272p.
650 ## - SUBJECT ADDED ENTRY--TOPICAL TERM
Topical term or geographic name entry element Communalism - India
650 ## - SUBJECT ADDED ENTRY--TOPICAL TERM
Topical term or geographic name entry element Violence - India
Holdings
Withdrawn status Lost status Damaged status Not for loan Permanent Location Current Location Date acquired Total Checkouts Total Renewals Full call number Barcode Date last seen Date last checked out Price effective from Koha item type
        Indian Institute of Public Administration Indian Institute of Public Administration 1996-01-19 1 1 Q81x54 K123 70273 2020-12-24 2020-06-17 2018-07-21 Book

Powered by Koha